Dạy học kinh tế chính trị theo phương pháp tích cực
Khái quát về phương pháp dạy học kinh tế chính trị theo hướng tích cực. Hướng dẫn thiết kế một số bài giảng kinh tế chính trị theo hướng dạy học tích cực.
Đã lưu trong:
| 主要作者: | |
|---|---|
| 格式: | 圖書 |
| 語言: | Vietnamese |
| 出版: |
H.
Đại học Sư phạm
2009
|
| 主題: | |
| 標簽: |
添加標簽
沒有標簽, 成為第一個標記此記錄!
|
| Thư viện lưu trữ: | Mạng thư viện Đại học Đà Nẵng |
|---|
| LEADER | 01328nam a2200325 4500 | ||
|---|---|---|---|
| 001 | 000024205 | ||
| 003 | 20686 | ||
| 005 | 20161024111032.0 | ||
| 008 | 161021s2009 viesd | ||
| 020 | |c 40000đ | ||
| 041 | 0 | |a vie | |
| 082 | 1 | 4 | |a 335.4071 |b TR-P |
| 100 | 1 | |a Trần Thị Mai Phương | |
| 245 | 1 | 0 | |a Dạy học kinh tế chính trị theo phương pháp tích cực |c Trần Thị Mai Phương |
| 260 | |a H. |b Đại học Sư phạm |c 2009 | ||
| 300 | |a 232 tr. |b hình vẽ,ảnh |c 24 cm. | ||
| 500 | |a Thư mục: tr. 232 | ||
| 520 | 3 | |a Khái quát về phương pháp dạy học kinh tế chính trị theo hướng tích cực. Hướng dẫn thiết kế một số bài giảng kinh tế chính trị theo hướng dạy học tích cực. | |
| 650 | 0 | 4 | |a Kinh tế chính trị học |x Dạy và học |
| 653 | |a Phương pháp giảng dạy | ||
| OWN | |a LSP | ||
| AVA | |a UDN50 |b LSP |d 335.4071 TR-P |e available |t Error 5001 Not defined in file expand_doc_bib_avail. |f 10 |g 0 |h N |i 0 |k 1 | ||
| 999 | |a From the UDN01 | ||
| AVA | |a UDN50 |b LSP |d 335.4071 TR-P |e available |t Error 5001 Not defined in file expand_doc_bib_avail. |f 10 |g 0 |h N |i 0 |k 1 | ||
| TYP | |a Monograph | ||
| TYP | |a Printed language | ||
| 980 | |a Mạng thư viện Đại học Đà Nẵng | ||